000 00434cam a22001934a 4500
005 20250605164253.0
008 250528s ||||||||||||||||||||||||d
035 _a21825
020 _a9780745618036
040 _aGR-AtMCL
_bgre
_dGR-AtMCL
_eAACR2
245 1 _aSOCIOLOGY
250 _a3
260 _bPolicy Press,
_c1997
300 _a625
700 1 _aGiddens Anthony
_9516
942 _cBK
999 _c6884
_d6884